000 00522nam a2200121Ia 4500
008 160712s9999 xx 000 0 und d
100 _aTrang, Tran Thi Thu .
245 _cTran Thi Thu Trang
_aFood Security versus Food Sovereignty: Choice of Concept, Policies, and Classes in Vietnam’s Post-Reform Economy
260 _c2011
_bKasarinlan Philippine Journal of Third World Studies
300 _avol. 26 no. 1-2
650 _xINDEPENDENCE
856 _uhttp://journals.upd.edu.ph/index.php/kasarinlan/issue/view/331/showToc
999 _c297600
_d297600